00287nam a2200121Ia 4500008004100000041000900041082001800050100002200068245001600090260004200106300000900148650000800157230718s9999 xx 000 0 und d aEng. a345.02bMAH-C aMahmood , Shoukat 0aCompany Law aPakistanbLegal Research centrec2013 a2213 aLaw